2023 MLB Offseason Signings - Statistics

General Stats
  • This quiz has been taken 205 times
  • The average score is 24 of 30
Answer Stats
Player Team % Correct
Aaron Judge New York Yankees
100%
Carlos Correa Minnesota Twins
97%
Trea Turner Philadelphia Phillies
97%
Xander Bogaerts San Diego Padres
95%
Jacob deGrom Texas Rangers
95%
Justin Verlander New York Mets
94%
Dansby Swanson Chicago Cubs
93%
Clayton Kershaw Los Angeles Dodgers
93%
Andrew McCutchen Pittsburgh Pirates
92%
Cody Bellinger Chicago Cubs
90%
Carlos Rodon New York Yankees
90%
Jose Abreu Houston Astros
89%
Willson Contreras St. Louis Cardinals
88%
Brandon Nimmo New York Mets
87%
Luis Arraez Miami Marlins
86%
Sean Murphy Atlanta Braves
82%
Kodai Senga New York Mets
81%
Andrew Benintendi Chicago White Sox
80%
Kenley Jansen Boston Red Sox
78%
William Contreras Milwaukee Brewers
76%
Pablo Lopez Minnesota Twins
76%
Teoscar Hernandez Seattle Mariners
76%
Joey Gallo Minnesota Twins
75%
J.D. Martinez Los Angeles Dodgers
71%
Chris Bassitt Toronto Blue Jays
68%
Lourdes Gurriel Jr. Arizona Diamondbacks
63%
Josh Bell Cleveland Guardians
61%
Tyler Anderson Los Angeles Angels
57%
Jesse Winker Milwaukee Brewers
53%
Nick Martinez San Diego Padres
44%
No matching quizzes found
Score Distribution
Percent of People with Each Score
Percentile by Number Answered
Your Score History
You have not taken this quiz